Normal view
MARC view
- التعلم-صعوبات التعلم-التربية الخاصة
Entry Topical Term
001 - CONTROL NUMBER
- control field: 60653
003 - CONTROL NUMBER IDENTIFIER
- control field: JO-AjAnu
005 - DATE AND TIME OF LATEST TRANSACTION
- control field: 20230606083919.0
008 - FIXED-LENGTH DATA ELEMENTS
- fixed length control field: 230606|| aca||aabn | a|a d
040 ## - CATALOGING SOURCE
- Original cataloging agency: JO-AjAnu
- Transcribing agency: JO-AjAnu
150 ## - HEADING--TOPICAL TERM
- Topical term or geographic name entry element: التعلم-صعوبات التعلم-التربية الخاصة
670 ## - SOURCE DATA FOUND
- Source citation: Work cat.: (JO-AjAnu)30930: خصاونة، محمد وآخرونم. مشارك محمد الخوالدة، م. مشارك ليلى ضمرة،م.مشارك راضي ابو هواش, author 60652, صعوبات التعلم الاكاديمية=ACADEMIC LEARNING DISABILITIES